V Congreso Nacional de Investigación Educativa : conferencias magistrales /
El Congreso Nacional de Investigación Educativa es un encuentro académico organizado en México para la reflexión teórica-metodológica ligada a las prácticas y procesos investigativos y la presentación de resultados de investigaciones, cuyo propósito último es dar cuenta del estado que guarda el cono...
Сохранить в:
| Соавтор: | |
|---|---|
| Другие авторы: | |
| Формат: | Материалы конференции |
| Язык: | испанский |
| Опубликовано: |
México : Colima, México :
Consejo Mexicano de Investigación Educativa ; Universidad de Colima,
2000, c2000
|
| Предметы: | |
| Метки: |
Нет меток, Требуется 1-ая метка записи!
|
MARC
| LEADER | 00000nam^a2200000^a^4500 | ||
|---|---|---|---|
| 001 | 000182991 | ||
| 005 | 20250521000000.0 | ||
| 009 | 20260310102024.539 | ||
| 020 | |a 968-7542-17-9 | ||
| 037 | |a Acervo ITESO - Biblioteca | ||
| 041 | |a ESP | ||
| 082 | |a 370. 78 |b CON 1999 V. 1 | ||
| 111 | |a Congreso Nacional de Investigación Educativa ( |n 5o : |d 1999 : |c Aguascalientes, México) | ||
| 245 | 1 | 0 | |a V Congreso Nacional de Investigación Educativa : |b conferencias magistrales / |c Congreso Nacional de Investigación Educativa ; presen. de G. Waldegg. |
| 264 | 4 | |a México : |b Consejo Mexicano de Investigación Educativa ; |a Colima, México : |b Universidad de Colima, |c 2000, c2000 | |
| 300 | |a 478 p. | ||
| 336 | |a texto |b txt |2 rdacontenido | ||
| 337 | |a sin mediación |b n |2 rdamedio | ||
| 338 | |a volumen |b nc |2 rdasoporte | ||
| 520 | |a El Congreso Nacional de Investigación Educativa es un encuentro académico organizado en México para la reflexión teórica-metodológica ligada a las prácticas y procesos investigativos y la presentación de resultados de investigaciones, cuyo propósito último es dar cuenta del estado que guarda el conocimiento sobre la educación. El Congreso fue celebrado por vez primera en 1981, pero alcanzó la continuidad a partir de la segunda edición, organizada doce años después, y ha ampliado al paso de los años su marco de referencia geográfica, con trabajos que no necesariamente están vinculados con el contexto nacional mexicano. Esta publicación recoge conferencias presentadas en la quinta edición, efectuada en Aguascalientes en 1999, distribuidas en torno a las siete áreas temáticas del Congreso, para cada una de las cuales se solicitó la participación de un ponente mexicano y de uno extranjero: 1. Sujetos, agentes y actores de la educación. 2. Currículo, didácticas, procesos y prácticas educativas. 3. Formación de maestros y profesionales de la educación. 4. Sistemas e instituciones educativas. 5. Educación, sociedad, historia y cultura. 6. Educación, economía y política y 7. Filosofía, teoría y campo de la educación. El volumen abre y cierra con las conferencias inaugural y de clausura, tituladas respectivamente ¿Pueden aprender los hijos de los pobres en las escuelas de América Latina? y Una comunidad de investigadores. | ||
| 649 | |a XX | ||
| 650 | |a Investigación Educativa - |x Congresos - |x Tema Principal | ||
| 650 | |a Académicos - |z México | ||
| 650 | |a Personal Escolar - |z México | ||
| 650 | |a Alumnos - |z Latinoamérica | ||
| 650 | |a Matemáticas - |x Estudio y Enseñanza | ||
| 650 | |a Ciencias Sociales - |x Teoría | ||
| 650 | |a Periodismo | ||
| 650 | |a Tecnologías de Comunicación e Información | ||
| 650 | |a Tecnologías de Comunicación e Información | ||
| 650 | |a Lectura - |z Francia - |x Historia | ||
| 650 | |a Análisis del Discurso | ||
| 650 | |a Didáctica | ||
| 650 | |a Metodología Educativa | ||
| 650 | |a Formación y Capacitación de Profesores | ||
| 650 | |a Proceso Educativo | ||
| 650 | |a Diseño y Revisión Curricular | ||
| 650 | |a Currículo | ||
| 650 | |a Reforma Universitaria - |z Latinoamérica | ||
| 650 | |a Reforma Educativa - |z Latinoamérica | ||
| 650 | |a Pobreza - |z Latinoamérica | ||
| 650 | |a Igualdad y Desigualdad - |z Latinoamérica | ||
| 650 | |a Acceso a la Educación - |z Latinoamérica | ||
| 650 | |a Diversidad Cultural | ||
| 650 | |a Sociología de la Educación | ||
| 650 | |a Epistemología de la Educación | ||
| 650 | |a Filosofía de la Educación | ||
| 650 | |a Educación Permanente | ||
| 650 | |a Educación Superior - |z México - |x Historia - |y 1988-1994 | ||
| 650 | |a Educación Superior - |z México - |x Historia - |y 1994-2000 | ||
| 650 | |a Educación Superior - |z México - |x Historia - |y Siglo XX | ||
| 650 | |a Educación Superior - |z Latinoamérica | ||
| 650 | |a Educación Superior - |z Inglaterra - |x Historia - |y Siglo XX | ||
| 650 | |a Educación - |z Latinoamérica - |x Historia - |y 1990-1999 | ||
| 650 | |a Educación - |z Latinoamérica - |x Historia - |y Siglo XX | ||
| 700 | |a Waldegg, Guillermina |e (presentación) | ||
| 910 | |a Fondo General | ||
| 920 | |a Impresos - Libros | ||
| 930 | |a Colección General | ||
| 905 | |a 101 | ||
| 901 | |a 0500122984 |b IT1 |c ACC |u 20250521 | ||
| 902 | |a https://opac.biblio.iteso.mx/vufind/Record/000182991 | ||